000 00513nam a22001817a 4500
005 20240920151800.0
008 240919b |||||||| |||| 00| 0 eng d
020 _a978-93-90972-62-3
041 _aeng
082 _a615.778
_bSIN
100 _aSINGH, DR. SATYA PRAKASH AND NIGAM, DR. VIJAY
_98549
245 _aCOSMETIC SCIENCE [ B.PHARMA, 8TH, SEMESTER]
250 _a1ST RE-PRINT ED. 2022
260 _aLUCKNOW
_bTHAKUR PUBLICATION PVT.LTD
300 _a215;P
650 _aPHARMACY
_xB.PHARMA
942 _cBK
999 _c8678
_d8676